01028 a2200193 4500003000500000005001700005010001600022020001500038040000900053082001400062100001900076245005700095260003500152300003500187505054200222650004100764650001800805650001100823Nust20221202110242.0 a 89031737 a0023287616 cNust00a539.2,DIA1 aDiament, Paul.10aWave transmission and fiber optics / cPaul Diament. aNew York :bMacmillan,cc1990. axxii, 322 p. :bill. ;c24 cm. aIntroduction (Page-1), What Is Wave? (Page-2), Maxwell’s Equations (Page-21), Field Energetic (Page-39), Waves In The Frequency Domain (Page-50), Wave Dispersion And Complex Power (Page-69), Waves In Conducting Media (Page-94), Waves Across Interface (Page-111), Oblique Incidence (Page-145), Total Internal Reflection (Page-167), Transmission Lines (Page-181), Conducting Waveguides (Page-206), Dielectric Slab Waveguides (Page-233), Dielectric Cylinders And Optical Fibers (Page-256), Practical Versions Of Optical Fibers (Page-270). 0aElectromagnetic wavesxTransmission. 0aFiber optics. 0aWaves.